| 000 | 00430nam a22001817a 4500 | ||
|---|---|---|---|
| 005 | 20230110134445.0 | ||
| 008 | 221217b |||||||| |||| 00| 0 eng d | ||
| 020 | _a978-817758542-1 | ||
| 041 | _aeng | ||
| 082 | _a547 FIN-O | ||
| 100 |
_aFINAR ,I.L _96449 |
||
| 245 | _aORGANIC CHEMISTRY -VOL 1 | ||
| 250 | _a6th ed. | ||
| 260 |
_bPEARSON _c2022 |
||
| 300 | _a965;P. | ||
| 650 |
_aPHARMACY _xB.PHARMA _97083 |
||
| 942 | _cBK | ||
| 999 |
_c8077 _d8075 |
||